Prázdniny školákom - pohotovosť v zdravotníctve ! Infekcia žltačky v Košiciach si vynútila mimoriadne opatrenia

Bibliographic Details
Main Author: (in, er) (Author)
Format: Article
Language:Slovak
Subjects:

MARC

LEADER 00000nab a2200000 a 4500
001 vtls000919448
003 SK-MaSNL
005 20260303034401.0
008 040720e19931215xo 0 slo
035 |a KE28325 
040 |a KEVKJB  |b slo  |c KEVKJB  |e AACR2 
041 0 |a slo 
044 |a xo  |c SK 
080 |a 616.9  |2 1981 
080 |a 614.4  |2 1981 
100 1 |a (in, er)  |4 aut  |9 1019641 
245 1 0 |a Prázdniny školákom - pohotovosť v zdravotníctve !  |b Infekcia žltačky v Košiciach si vynútila mimoriadne opatrenia 
650 0 7 |a žltačka infekčná  |2 KEVKJB  |9 888198 
650 0 7 |a nárast nakazených  |2 KEVKJB  |9 1019624 
650 0 7 |a zdroje nákazy nezistené  |2 KEVKJB  |9 1019642 
650 0 7 |a informácie  |2 KEVKJB  |9 1285 
651 7 |a Košice (Slovensko)  |2 KEVKJB  |9 18694 
651 7 |a KE,  |2 KEVKJB  |9 877256 
655 7 |a periodikum  |2 snkbucl  |9 29553 
773 0 8 |t Pravda  |g Roč. 3, č.292, 15.12.1993, s. 1,2 
852 |a ZVYKNI  |b KIS3GCP 
999 |c 1673291  |d 1675221